| 000 | 00395nam a22001217a 4500 | ||
|---|---|---|---|
| 082 | _a200 THE | ||
| 100 |
_aAbdul Rafay Farooqi _972496 |
||
| 245 | _aTH-SOF-1721-Optimization of Process Plans by considering Material Handling cost for RMS | ||
| 260 |
_aISLAMABAD _bNUST COLLEGE OF EME _c2019 |
||
| 650 | _aMS-MECH-2016 MSTHESIS | ||
| 700 |
_aSupervisor Dr. Sajid Ullah Butt _969661 |
||
| 942 | _cCF | ||
| 999 |
_c578510 _d578510 |
||